| 000 | 00383nam a2200157Ia 4500 | ||
|---|---|---|---|
| 003 | GCL | ||
| 008 | 140319s9999 xx 000 0 ara d | ||
| 040 |
_aGCL / _cGCL |
||
| 082 | 0 | 4 |
_a819.9 _bع س |
| 245 | 1 | 0 | _aسعد زغلول : سيرة وتحية |
| 300 | _a607 ص | ||
| 490 | _a | ||
| 650 | 0 | 4 | _aسعد زغلول |
| 650 | 0 | 4 | _aالسياسيون - تراجم |
| 942 |
_2ddc _cBK |
||
| 999 |
_c43045 _d43045 |
||